000 00569caa a22001572a 4500
001 005664
003 AR-FADEU
008 311216n########xxu####################dd
092 _a414
_bH236
100 _aSelkirk, Elizabeth
245 _aSentence prosody: Intonation, stress, and phrasing
300 _app. 550-569
500 _aEn: The handbook of phonological theory / John A. Goldsmith (ed.). Cambridge : Blackwell, 1995
942 _cBDGR
773 0 _011471
_910111
_a
_b
_dCambridge
_o03059
_tTHE HANDBOOK of phonological theory
_w( AR-FADEU) 005649
_x
_z0-631-18062-1
999 _c11486
_d11486